[Event "CZE-chT2E 2223"]
[Site "Czech Republic"]
[Date "2022.12.04"]
[Round "4.5"]
[White "Rehurek, Lukas"]
[Black "Zabloudil, Radek"]
[Result "1-0"]
[WhiteElo "2146"]
[BlackElo "1894"]
[PlyCount "95"]
[EventDate "2022.10.16"]
[EventType "team-tourn"]
[EventRounds "11"]
[EventCountry "CZE"]
[SourceTitle "EXT 2024"]
[Source "ChessBase"]
[SourceDate "2023.10.10"]
[SourceVersion "1"]
[SourceVersionDate "2023.10.10"]
[SourceQuality "1"]
[WhiteTeam "Orechov Orel"]
[BlackTeam "Vyskov"]
[WhiteTeamCountry "CZE"]
[BlackTeamCountry "CZE"]

1. e4 c5 2. Nf3 g6 3. c4 Bg7 4. d4 cxd4 5. Nxd4 Nc6 6. Be3 Nf6 7. Nc3 Ng4 8. Qxg4 Nxd4 9. Qd1 Nc6 10. Qd2 d6 11. Bh6 0-0 12. h4 e6 13. 0-0-0 d5 14. exd5 exd5 15. Nxd5 Qa5 16. Ne7+ Kh8 17. Bxg7+ Kxg7 18. Nxc6 Qxd2+ 19. Rxd2 bxc6 20. Be2 Be6 21. b3 c5 22. Bf3 Rab8 23. Bd5 Rfe8 24. Re1 Bf5 25. Rde2 Kf8 26. Rxe8+ Rxe8 27. Rxe8+ Kxe8 28. Kd2 f6 29. Kc3 Kd7 30. a3 g5 31. hxg5 fxg5 32. b4 Kd6 33. b5 h5 34. a4 Bd7 35. Kd3 h4 36. Ke4 g4 37. Kf4 Kc7 38. a5 Bc8 39. Be4 Be6 40. Bd3 Kd6 41. Be2 h3 42. gxh3 gxh3 43. Kg3 Bf5 44. Bf1 Be6 45. Bd3 Ke5 46. f4+ Kd4 47. Bf1 Bf5 48. Bxh3 1-0

[Event "CZE-chT2E 2122"]
[Site "Czech Republic"]
[Date "2021.11.07"]
[Round "2.6"]
[White "Bakos, Eduard"]
[Black "Rehurek, Lukas"]
[Result "0-1"]
[WhiteElo "2078"]
[BlackElo "2168"]
[PlyCount "72"]
[EventDate "2021.10.17"]
[EventType "team-tourn"]
[EventRounds "11"]
[EventCountry "CZE"]
[SourceTitle "EXT 2024"]
[Source "ChessBase"]
[SourceDate "2023.10.10"]
[SourceVersion "1"]
[SourceVersionDate "2023.10.10"]
[SourceQuality "1"]
[WhiteTeam "Brno VSK Univ"]
[BlackTeam "Orechov Orel"]
[WhiteTeamCountry "CZE"]
[BlackTeamCountry "CZE"]

1. e4 e6 2. d4 d5 3. e5 c5 4. c3 Nc6 5. f4 Qb6 6. Nf3 Nh6 7. Bd3 Bd7 8. Bc2 cxd4 9. cxd4 Nb4 10. Nc3 Nxc2+ 11. Qxc2 Nf5 12. Qf2 h5 13. 0-0 Rc8 14. Rd1 Be7 15. Rd3 0-0 16. Nd1 Bb5 17. Rb3 Qa6 18. Ne3 Bd3 19. Nxf5 Bxf5 20. Qf1 Qxf1+ 21. Kxf1 b6 22. Bd2 Rc4 23. Rc1 Rxc1+ 24. Bxc1 Rc8 25. Rc3 Rxc3 26. bxc3 Bb1 27. a3 Bd3+ 28. Kf2 Kf8 29. g3 Ke8 30. Ke3 Bf5 31. Nd2 Kd7 32. Nf3 Kc6 33. Ng5 f6 34. exf6 gxf6 35. Nf3 Kb5 36. Nd2 Ka4 0-1

[Event "Brno op 5th"]
[Site "Brno"]
[Date "2014.11.19"]
[Round "6"]
[White "Rehurek, Lukas"]
[Black "Grove, Michael"]
[Result "1/2-1/2"]
[WhiteElo "2188"]
[BlackElo "2083"]
[PlyCount "76"]
[EventDate "2014.11.15"]
[EventType "swiss"]
[EventRounds "9"]
[EventCountry "CZE"]
[SourceTitle "CBM 163 Extra"]
[Source "ChessBase"]
[SourceDate "2014.12.23"]
[SourceVersion "1"]
[SourceVersionDate "2014.12.23"]
[SourceQuality "1"]

1. e4 e5 2. Nf3 Nc6 3. Bb5 Bb4 4. c3 Ba5 5. 0-0 Nge7 6. b4 Bb6 7. Bxc6 bxc6 8. Nxe5 0-0 9. d4 d5 10. exd5 cxd5 11. a4 c6 12. Nd2 Qd6 13. Ba3 Qf6 14. Qf3 Re8 15. Qxf6 gxf6 16. Nef3 Nf5 17. Rfe1 Be6 18. h3 h5 19. Re2 Kh7 20. Nb3 Nd6 21. Nc5 Bxc5 22. dxc5 Ne4 23. Re3 Bd7 24. Nd4 a6 25. Ra2 f5 26. Rb2 Kg6 27. Ne2 h4 28. f3 Ng5 29. Nf4+ Kf6 30. Rbe2 Rxe3 31. Rxe3 Re8 32. Rxe8 Bxe8 33. Kf2 Ne6 34. Ke3 Kg5 35. Ne2 f4+ 36. Kf2 Kf5 37. Bc1 Ke5 38. Bb2 Kf5 1/2-1/2

[Event "Brno Trade op-A 37th"]
[Site "Brno"]
[Date "2012.09.01"]
[Round "8"]
[White "Rehurek, Lukas"]
[Black "Svobodova, Michaela"]
[Result "1-0"]
[WhiteElo "2185"]
[BlackElo "2021"]
[PlyCount "105"]
[EventDate "2012.08.26"]
[EventType "swiss"]
[EventRounds "9"]
[EventCountry "CZE"]
[SourceTitle "CBM 150 Extra"]
[Source "ChessBase"]
[SourceDate "2012.10.19"]
[SourceVersion "1"]
[SourceVersionDate "2012.10.19"]
[SourceQuality "1"]

1. e4 c5 2. Nf3 e6 3. d4 cxd4 4. Nxd4 a6 5. Bd3 Bc5 6. Nb3 Ba7 7. Qe2 Nc6 8. Be3 b5 9. f4 d6 10. 0-0 Nf6 11. N1d2 Qc7 12. Kh1 Bb7 13. a4 Bxe3 14. Qxe3 b4 15. Rae1 0-0 16. e5 Nd5 17. Qh3 h6 18. exd6 Qxd6 19. Ne4 Qc7 20. f5 exf5 21. Qxf5 Nce7 22. Qf2 f5 23. Nec5 Bc8 24. Qf3 Ra7 25. Bc4 Qd6 26. Rxe7 Rxe7 27. Qxd5+ Qxd5 28. Bxd5+ Kh8 29. Bc4 Rf6 30. Rd1 Kh7 31. Kg1 f4 32. Kf2 g5 33. Bd3+ Kg7 34. Be4 g4 35. Rd4 Rb6 36. a5 Rb8 37. Rd8 Kf6 38. Bd3 Rc7 39. Nxa6 Bxa6 40. Rxb8 Bxd3 41. cxd3 Rc2+ 42. Kf1 Rxb2 43. Rxb4 Rb1+ 44. Ke2 Rb2+ 45. Ke1 Rb1+ 46. Kd2 Rb2+ 47. Kc3 Rxg2 48. Rxf4+ Kg5 49. Ra4 Rxh2 50. a6 g3 51. a7 g2 52. a8Q g1Q 53. Qg8+ 1-0

[Event "Brno Trade op-A 37th"]
[Site "Brno"]
[Date "2012.08.27"]
[Round "3"]
[White "Kosina, Vladimir"]
[Black "Rehurek, Lukas"]
[Result "0-1"]
[WhiteElo "1823"]
[BlackElo "2185"]
[PlyCount "70"]
[EventDate "2012.08.26"]
[EventType "swiss"]
[EventRounds "9"]
[EventCountry "CZE"]
[SourceTitle "CBM 150 Extra"]
[Source "ChessBase"]
[SourceDate "2012.10.19"]
[SourceVersion "1"]
[SourceVersionDate "2012.10.19"]
[SourceQuality "1"]

1. d4 Nf6 2. Nf3 c5 3. e3 d5 4. Be2 Nc6 5. 0-0 Bf5 6. Nbd2 e6 7. h3 Bd6 8. c3 0-0 9. Re1 e5 10. dxe5 Nxe5 11. Nxe5 Bxe5 12. Nf3 Bc7 13. Bd3 Ne4 14. Qe2 Re8 15. Rd1 Qf6 16. Bb5 Red8 17. Bd2 c4 18. Nd4 Bg6 19. Be1 Nc5 20. b4 Bd3 21. Qb2 Ne4 22. Ba4 Ng5 23. f3 Qg6 24. Kh1 Qh5 25. h4 Ne6 26. Qf2 Qe5 27. g3 Nxd4 28. exd4 Qf5 29. Kg2 Rd6 30. Rd2 Rg6 31. Qg1 Qf4 32. Qh2 Qe3 33. Rad1 Be2 34. Bf2 Qxf3+ 35. Kg1 Bxg3 0-1

[Event "Brno Trade op"]
[Site "Brno"]
[Date "2011.08.22"]
[Round "3"]
[White "Sladek, Vladislav"]
[Black "Rehurek, Lukas"]
[Result "1/2-1/2"]
[WhiteElo "2000"]
[BlackElo "2214"]
[PlyCount "35"]
[EventDate "2011.08.21"]
[EventType "swiss"]
[EventRounds "9"]
[EventCountry "CZE"]
[SourceTitle "CBM 144 Extra"]
[Source "ChessBase"]
[SourceDate "2011.10.28"]
[SourceVersion "1"]
[SourceVersionDate "2011.10.28"]
[SourceQuality "1"]

1. e4 d5 2. exd5 Nf6 3. Bb5+ Bd7 4. Be2 Nxd5 5. d4 g6 6. Nf3 Bg7 7. c4 Nb6 8. Nc3 0-0 9. c5 Nc8 10. Bf4 c6 11. h4 Bg4 12. Be5 Nd7 13. Bxg7 Kxg7 14. d5 cxd5 15. Qxd5 Qa5 16. Qd4+ Nf6 17. b4 Qc7 18. Nd5 1/2-1/2

[Event "CZE-chT1E 0607"]
[Site "Czech Republic"]
[Date "2007.03.18"]
[Round "10.6"]
[White "Vavruska, Antonin"]
[Black "Rehurek, Lukas"]
[Result "0-1"]
[WhiteElo "2142"]
[BlackElo "2214"]
[PlyCount "64"]
[EventDate "2006.10.15"]
[EventType "team-tourn"]
[EventRounds "11"]
[EventCountry "CZE"]
[SourceTitle "EXT 2008"]
[Source "ChessBase"]
[SourceDate "2007.11.25"]
[SourceVersion "1"]
[SourceVersionDate "2007.11.25"]
[SourceQuality "1"]

1. e4 e6 2. d4 d5 3. e5 c5 4. Qg4 cxd4 5. Nf3 Nc6 6. Bd3 Qc7 7. Bf4 Qb6 8. 0-0 Qxb2 9. Nbd2 Nge7 10. Nb3 Qa3 11. Nbxd4 Nxd4 12. Nxd4 a6 13. Rfb1 Ng6 14. Bg3 Qc3 15. Nf3 Be7 16. Qh5 0-0 17. a4 Bd7 18. Bf4 f5 19. Bd2 Qc7 20. Re1 b5 21. a5 Rac8 22. g3 Rf7 23. h4 Nf8 24. Ng5 Bxg5 25. hxg5 Bc6 26. Be3 g6 27. Qh4 Nd7 28. Bd4 Bb7 29. Qf4 Nc5 30. Bf1 Na4 31. Bd3 Qxa5 32. Ra3 Qxe1+ 0-1

[Event "CZE-chT 0607"]
[Site "Czech Republic"]
[Date "2006.11.04"]
[Round "1.3"]
[White "Jedynak, Radoslaw"]
[Black "Rehurek, Lukas"]
[Result "1/2-1/2"]
[WhiteElo "2519"]
[BlackElo "2214"]
[PlyCount "81"]
[EventDate "2006.12.01"]
[EventType "team-tourn"]
[EventRounds "11"]
[EventCountry "CZE"]
[SourceTitle "EXT 2007"]
[Source "ChessBase"]
[SourceDate "2006.11.23"]
[SourceVersion "1"]
[SourceVersionDate "2006.11.23"]
[SourceQuality "1"]
[WhiteTeam "Ostrava"]
[BlackTeam "Brno"]
[WhiteTeamCountry "CZE"]
[BlackTeamCountry "CZE"]

1. d4 Nf6 2. c4 c5 3. d5 e6 4. Nc3 exd5 5. cxd5 d6 6. Nf3 g6 7. h3 Bg7 8. e4 0-0 9. Bd3 b5 10. Bxb5 Nxe4 11. Nxe4 Qa5+ 12. Nfd2 Qxb5 13. Nxd6 Qa6 14. N2c4 Nd7 15. 0-0 Nb6 16. Nxb6 axb6 17. Bg5 Bxb2 18. Be7 Bxa1 19. Qxa1 Qxa2 20. Qf6 Bd7 21. Bxf8 Rxf8 22. Qe7 Bf5 23. Nxf5 gxf5 24. Re1 Qxd5 25. Qg5+ Kh8 26. Qf6+ Kg8 27. Qg5+ Kh8 28. Qf6+ Kg8 29. Re3 Rd8 30. Qg5+ Kh8 31. Qf6+ Kg8 32. Kh2 b5 33. Qg5+ Kh8 34. Qf6+ Kg8 35. h4 Qd6+ 36. Rg3+ Kf8 37. Qg7+ Ke7 38. Qg5+ Kf8 39. Qg7+ Ke7 40. Qg5+ Kf8 41. Qg7+ 1/2-1/2

[Event "Tatry op"]
[Site "Tatranske Zruby"]
[Date "2006.09.26"]
[Round "5"]
[White "Rehurek, Lukas"]
[Black "Justus, Ivan"]
[Result "1-0"]
[WhiteElo "2214"]
[BlackElo "1989"]
[PlyCount "63"]
[EventDate "2006.09.23"]
[EventType "swiss"]
[EventRounds "9"]
[EventCountry "SVK"]
[SourceTitle "CBM 114 Extra"]
[Source "ChessBase"]
[SourceDate "2006.11.03"]
[SourceVersion "1"]
[SourceVersionDate "2006.11.03"]
[SourceQuality "1"]

1. e4 c5 2. Nf3 Nc6 3. d4 cxd4 4. Nxd4 Nf6 5. Nc3 e5 6. Ndb5 d6 7. Bg5 a6 8. Na3 b5 9. Nd5 Be7 10. Bxf6 Bxf6 11. c3 0-0 12. Nc2 Bg5 13. a4 bxa4 14. Rxa4 a5 15. Bc4 Rb8 16. b3 Kh8 17. Nce3 f5 18. Nxf5 Bxf5 19. exf5 Qc8 20. g4 g6 21. h4 Bd8 22. fxg6 hxg6 23. Ne3 Qd7 24. Qd3 e4 25. Qxe4 Ne5 26. Bd5 Kg7 27. g5 Bb6 28. h5 Rbe8 29. Kf1 Bxe3 30. Qxe3 Qb5+ 31. c4 Nxc4 32. Qa7+ 1-0

[Event "Olexa Memorial op-A"]
[Site "Brno"]
[Date "2004.??.??"]
[Round "6"]
[White "Mlynek, Petr"]
[Black "Rehurek, Lukas"]
[Result "0-1"]
[WhiteElo "2187"]
[BlackElo "2166"]
[PlyCount "64"]
[EventDate "2004.12.??"]
[EventType "swiss"]
[EventRounds "7"]
[EventCountry "CZE"]
[SourceTitle "EXT 2007"]
[Source "ChessBase"]
[SourceDate "2006.11.23"]
[SourceVersion "1"]
[SourceVersionDate "2006.11.23"]
[SourceQuality "1"]

1. d4 Nf6 2. c4 c5 3. Nf3 cxd4 4. Nxd4 e5 5. Nb5 d5 6. cxd5 Bc5 7. N5c3 0-0 8. e3 e4 9. Nd2 Re8 10. a3 Bf5 11. b4 Bf8 12. Bb2 Nxd5 13. Nxd5 Qxd5 14. Bc4 Qd6 15. Nf1 Qg6 16. Ng3 Bg4 17. Qb3 Nc6 18. h3 Be6 19. Bxe6 Rxe6 20. 0-0 Bd6 21. Ne2 Qg5 22. Qc4 Rae8 23. Rad1 Rg6 24. g3 Qh5 25. Kh2 Qf3 26. Rd5 Ne7 27. Qb5 Rf8 28. Rg5 a6 29. Rxg6 Nxg6 30. Qc4 Nh4 31. Rg1 Qxf2+ 32. Kh1 Nf3 0-1

[Event "Olexa Memorial op-A"]
[Site "Brno"]
[Date "2004.??.??"]
[Round "4"]
[White "Podbrdsky, Pavel"]
[Black "Rehurek, Lukas"]
[Result "0-1"]
[WhiteElo "2144"]
[BlackElo "2166"]
[PlyCount "52"]
[EventDate "2004.12.??"]
[EventType "swiss"]
[EventRounds "7"]
[EventCountry "CZE"]
[SourceTitle "EXT 2007"]
[Source "ChessBase"]
[SourceDate "2006.11.23"]
[SourceVersion "1"]
[SourceVersionDate "2006.11.23"]
[SourceQuality "1"]

1. c4 Nf6 2. Nf3 c5 3. d4 cxd4 4. Nxd4 e5 5. Nb5 d5 6. cxd5 Bc5 7. e3 0-0 8. N5c3 Re8 9. Bb5 Nbd7 10. 0-0 e4 11. Nd2 Re5 12. Qc2 Qe7 13. d6 Bxd6 14. Nc4 Rh5 15. Nxd6 Qxd6 16. g3 Ne5 17. Be2 Nf3+ 18. Bxf3 exf3 19. Qd1 Qc6 20. Qd8+ Ne8 21. e4 Bd7 22. Qe7 Nf6 23. Rd1 Re8 24. Qd6 Qc8 25. Bf4 Bc6 26. Rac1 Qh3 0-1

[Event "CZE-chT2d 0304"]
[Site "Czech Republic"]
[Date "2004.??.??"]
[Round "?"]
[White "Rehurek, Lukas"]
[Black "Carbol, Jaroslav"]
[Result "1/2-1/2"]
[WhiteElo "2165"]
[BlackElo "2045"]
[PlyCount "109"]
[EventDate "2003.??.??"]
[EventType "team-tourn"]
[EventRounds "11"]
[EventCountry "CZE"]
[SourceTitle "EXT 2007"]
[Source "ChessBase"]
[SourceDate "2006.11.23"]
[SourceVersion "1"]
[SourceVersionDate "2006.11.23"]
[SourceQuality "1"]

1. e4 c5 2. Nf3 d6 3. c3 e5 4. d4 Qc7 5. Bd3 Nf6 6. 0-0 Bg4 7. Be3 Be7 8. h3 Bh5 9. Nbd2 Nbd7 10. d5 h6 11. Qc2 g5 12. Nh2 Bg6 13. a4 Nh5 14. Nc4 Nf4 15. g3 Nxd3 16. Qxd3 Nf6 17. f3 Nh5 18. Kg2 Ng7 19. f4 gxf4 20. gxf4 exf4 21. Bxf4 Nh5 22. Qf3 Nxf4+ 23. Qxf4 0-0-0 24. b4 cxb4 25. cxb4 Bg5 26. Qg4+ Kb8 27. Na3 Rhe8 28. Rfe1 Qe7 29. e5 dxe5 30. Rad1 h5 31. Qc4 Bf4 32. Nf3 e4 33. Kh1 Qd7 34. Ng1 Rc8 35. Qd4 Be5 36. Qf2 Qxa4 37. d6 Qd7 38. Rd5 Rc3 39. Re3 Rxe3 40. Qxe3 Bxd6 41. Nb5 b6 42. Nxd6 Rd8 43. Rd2 Qc6 44. b5 Qc7 45. Nc4 Rxd2 46. Nxd2 Qe5 47. Nc4 Qxb5 48. Qf4+ Ka8 49. Qc7 Qc5 50. Qd8+ Kb7 51. Qd7+ Ka6 52. Qa4+ Kb7 53. Qd7+ Ka6 54. Qa4+ Kb7 55. Qd7+ 1/2-1/2

[Event "Olexa Memorial op-A"]
[Site "Brno"]
[Date "2004.??.??"]
[Round "3"]
[White "Rehurek, Lukas"]
[Black "Kopkan, Pavel"]
[Result "1-0"]
[WhiteElo "2166"]
[BlackElo "2057"]
[PlyCount "79"]
[EventDate "2004.12.??"]
[EventType "swiss"]
[EventRounds "7"]
[EventCountry "CZE"]
[SourceTitle "EXT 2007"]
[Source "ChessBase"]
[SourceDate "2006.11.23"]
[SourceVersion "1"]
[SourceVersionDate "2006.11.23"]
[SourceQuality "1"]

1. e4 d5 2. exd5 Nf6 3. d4 Nxd5 4. c4 Nb4 5. a3 N4a6 6. Nc3 e5 7. Nf3 exd4 8. Qxd4 Qxd4 9. Nxd4 Bc5 10. Be3 Bg4 11. b4 Bd6 12. f3 Bh5 13. Ne4 Be5 14. 0-0-0 c5 15. bxc5 0-0 16. Nb5 Nc6 17. Rd7 Na5 18. Bd3 f5 19. Nd2 f4 20. Bf2 Rad8 21. Bf5 Bf7 22. Rd1 Rxd7 23. Bxd7 Rd8 24. Bf5 Nxc4 25. Nxc4 Rxd1+ 26. Kxd1 Bxc4 27. Nxa7 Bb3+ 28. Kc1 Bd5 29. Nc8 Kf7 30. Kc2 Nc7 31. Kd3 Ba2 32. Ke4 Kf6 33. Bh4+ g5 34. Bxg5+ Kxg5 35. Kxe5 Nd5 36. Be6 Ne3 37. Bxa2 Nxg2 38. Bd5 Ne3 39. Nd6 Nf1 40. Bxb7 1-0

[Event "Olexa Memorial op-A"]
[Site "Brno"]
[Date "2004.??.??"]
[Round "5"]
[White "Rehurek, Lukas"]
[Black "Vymazal, Bronislav"]
[Result "0-1"]
[WhiteElo "2166"]
[BlackElo "2062"]
[PlyCount "56"]
[EventDate "2004.12.??"]
[EventType "swiss"]
[EventRounds "7"]
[EventCountry "CZE"]
[SourceTitle "EXT 2007"]
[Source "ChessBase"]
[SourceDate "2006.11.23"]
[SourceVersion "1"]
[SourceVersionDate "2006.11.23"]
[SourceQuality "1"]

1. e4 c5 2. Nf3 d6 3. c3 Nf6 4. h3 e5 5. Bd3 Be7 6. 0-0 0-0 7. Bc2 Nc6 8. d4 Qc7 9. d5 Na5 10. Bg5 b5 11. Nbd2 Bd7 12. Re1 Rfc8 13. b3 c4 14. b4 Nb7 15. a4 a5 16. bxa5 Qxa5 17. Nf1 bxa4 18. Qd2 a3 19. Ne3 Qa6 20. Qe2 a2 21. Nh4 h6 22. Nhf5 Bd8 23. Bh4 Bxf5 24. Nxf5 Nc5 25. f3 Nb3 26. Bxb3 cxb3 27. Qd2 Qa3 28. Re2 Rab8 0-1